Представление документа в формате MARC21

Поле Инд. ПП Название Значение
Тип записи a
Библиографический уровень b
001 Контрольный номер RU/IS/BASE/262191032
005 Дата корректировки 20200522191225.4
008 Кодируемые данные 20080422
040 b Код языка каталог. rus
e Правила каталог. PSBO
041 0_ a Код языка текста rus
084 a Индекс другой классификации/Индекс ББК 67.05; 67.3в02
100 1_ a Автор Томсинов В. А.
245 10 a Заглавие Значение категории "правовая культура" для историко-правовой науки
500 a Примечание В рубрике " Материалы Московских историко-правовых чтений"
650 a Основная рубрика история государства и права
a Основная рубрика право
a Основная рубрика теория права
653 a Ключевые слова методология историко-правовой науки
a Ключевые слова правовая культура
a Ключевые слова правоведение
773 08 t Заглавие источника Вестник Московского университета. Серия 11, Право
d Дата издания источника 2007
g Прочая информация № 6. - С. 27 - 30
w Контрольный № источника RU/IS/BASE/261064104
901 t Тип документа b